مكتبة جامعة عجلون الوطنية

فهرس بحث المكتبة

Normal view MARC view
  • الدعوى المدنية -- الأردن -- قانون المرافعات -- الأردن -- التداعي أمام المحاكم -- قانون الإجراءات المدنية والتجارية -- الأردن

Entry Topical Term

Number of records used in: 1

001 - CONTROL NUMBER

  • control field: 12301

003 - CONTROL NUMBER IDENTIFIER

  • control field: JO-AjAnu

005 - DATE AND TIME OF LATEST TRANSACTION

  • control field: 20230606072255.0

008 - FIXED-LENGTH DATA ELEMENTS

  • fixed length control field: 230606|| aca||aabn | a|a d

040 ## - CATALOGING SOURCE

  • Original cataloging agency: JO-AjAnu
  • Transcribing agency: JO-AjAnu

150 ## - HEADING--TOPICAL TERM

  • Topical term or geographic name entry element: الدعوى المدنية -- الأردن -- قانون المرافعات -- الأردن -- التداعي أمام المحاكم -- قانون الإجراءات المدنية والتجارية -- الأردن

670 ## - SOURCE DATA FOUND

  • Source citation: Work cat.: (JO-AjAnu)6335: فراج، مصطفى محمود حمد , author 12300, الدعاوى وإجراءاتها العملية وفقا لأحدث التعديلات